000 02099nam a2200277Ia 4500
003 CO-CtgCURN
005 20250410224546.0
008 191207s2019 xx f 000 0 spa d
020 _a9789586767309
040 _aCO-CtgCURN
_bspa
_ccoctgcurn
082 _a346.092
_bG964
100 _aGuío Fonseca, Marcos Román
_92848
245 0 _aLos títulos valores :
_banálisis Jurisprudencial /
_cMarcos Román Guío Fonseca
260 _aBogotá, Colombia :
_bEdiciones Doctrina y Ley,
_c2019
300 _a733 páginas ;
_c23 centímetros
504 _aIncluye referencias bibliógráficas
505 _aPte. I. 1. Reseña histórica, normatividad y definición -- 2. Acepciones de título valor y conceptos básicos -- 3. Principios de los títulos valores -- 4. Clasificación de los títulos valores -- 5. El endoso -- 6. El aval -- 7. El protesto -- 8. La obligación cambiaria -- 9. La acción cambiaria -- 10.Caducidad y prescripción -- 11. Acciones extracambiarias -- 12.Títulos en blanco o con espacios en blanco -- 13. Valoración probatoria de los títulos valores -- 14. Jurisdicción y competencia -- Pte. II. 1. La letra de cambio -- 2. El pagaré -- 3. El cheque -- 4. Las facturas.
520 _aSe trata de una obra que aborda el estudio de los títulos valores de manera didáctica, a través de casuística, gráficas y cuadros comparativos que permiten una mayor comprensión de los temas, involucrando los títulos electrónicos; con un estudio profuso sobre los tópicos más controvertidos en los estrados judiciales, identificando las distintas tesis elaboradas para solucionar el problema, con soporte y análisis jurisprudencial de las Altas Cortes, Tribunales del país y doctrina; recopilando la jurisprudencia en un CD que forma parte de la obra.
521 _aAREA PROFESIONAL
590 _aPrograma de Derecho_18
650 _aDerecho comercial
_92849
650 _aTítulos valores
_92850
942 _cBK
_h346.092
_iG964
_2ddc
_04
_n0
999 _c30649
_d30649